000 00278nam a2200109Ia 4500
008 220204s9999 xx 000 0 und d
082 _a347.99
_bFAR
100 _aFARMER, J A
245 0 _aTribunals and Government
260 _aLondon
_bWeidenfeld and Nicolson
_c1974
942 _cBK
999 _c29195
_d29195